| 000 | 00732nam a22001817a 4500 | ||
|---|---|---|---|
| 008 | 250710b |||||||| |||| 00| 0 eng d | ||
| 020 | _a9789914372694 | ||
| 040 | _aMksU | ||
| 050 |
_aBF637 _b.M88 2025 |
||
| 100 | _aMutua Stanslaus Patrick | ||
| 245 |
_aLooking for self-improvement ?Go no further,it's right here! the 9 self improvement button, click to a new you : _bAn inspiring masterpiece,authored to push your competence to the peak / _cStanslaus Mutua Patrick |
||
| 260 |
_aNrb. Kenya : _bPatjed pubishers, _c2025. |
||
| 300 |
_aix,99p. ; _c21cm. |
||
| 504 | _aInclude bibliographical reference | ||
| 650 | _apersonal development | ||
| 650 | _aself improvement | ||
| 942 |
_2lcc _cBOOKS _hBF637 .M88 2025 |
||
| 999 |
_c32313 _d32313 |
||